000 00829nam a2200169Ia 4500
008 090123s9999 xx 000 0 und d
082 _b33662
100 _aजायस्वाल जयनारायण
245 _aअष्टपैलू व्यक्तिमत्व आणि बुध्दीमत्तेचा विकास
250 _a2
260 _bराम रहिम
600 _aजायस्वाल जयनारायण
630 _aअष्टपैलू व्यक्तिमत्व आणि बुध्दीमत्तेचा विकास
700 _aजायस्वाल जयनारायण
730 _aअष्टपैलू व्यक्तिमत्व आणि बुध्दीमत्तेचा विकास
942 _cBOOK
999 _c71721
_d71721